Pokemon Maths - Statistics

General Stats
  • This quiz has been taken 29 times
    25 since last reset
  • The average score is 10 of 18
Answer Stats
Hint Answer % Correct
# of eevee evolutions + # of possible badges in heartgold/soulsilver games 24
94%
# of Pokemon types + Pikachu's Pokedex # 43
88%
# of 'Hitmon' Pokemon - # of Gym Leaders in Striation City gym 0
69%
# of Pokemon that evolve using a Fire stone + # of Steel type gyms 6
69%
PP of Tackle - Level Magikarp evolves 15
63%
Mew's Pokedex # + # of Pokemon that learn Transform by level up 153
63%
Accuracy of one-hit KO moves (%) - gen Heatran was introduced 26
63%
# of forms/shapes an Unown can take ÷ # of moves containing the word 'Fang' 4
63%
# of Lake Guardians + # of Swords of Justice + # of Legendary Titans 12
56%
# of Fossil Pokemon - # of turns a Pokemon will sleep for after using rest 13
56%
Power of Self-Destruct ÷ # of arms Machamp has 50
56%
Maximum possible catch rate ÷ the level starter Pokemon are given at 51
56%
Catch rate multiplier of a Poke Ball × Catch rate multiplier of a Luxury Ball × Catch rate multiplier of a Heal Ball × Catch rate multiplier of a Premier Ball 1
50%
Combined PP of every water type HM (Dive+Waterfall+Surf+Whirlpool) 55
50%
Maximum # of Pokemon in a team × Level Cascoon evolves into dustox 60
50%
Catch rate multiplier of an Ultra ball + # of 'areas' in the Great Marsh + # of different coloured 'Shards' 12
38%
The value a Nugget usually sells for ÷ Level Shelgon evolves at 100
31%
Cost of a Full Restore - the year Pokemon Ruby & Sapphire was released in Europe 997
25%
No matching quizzes found
Score Distribution
Percent of People with Each Score
Percentile by Number Answered
Your Score History
You have not taken this quiz since the last reset